000 00664nam a22001935i 4500
001 171614
003 ES-MaACL
005 20230906214658.0
008 090522s1967 sp |||| | cat d
100 1 _aSoldevila, Carles.
_9107110
245 1 0 _aObres completes /
_cCarles Soldevila ; proleg de Domènec Guansé Cloenda, Ferran Soldevila ; recopilacio i notes de Tomás Tebé.
250 _a[1ª ed.].
260 _aBarcelona :
_bSelecta,
_c[1967]
300 _aXXXII, 1634 p., 18 lám. ;
_c21 cm.
700 1 _aTebé, Tomás.
_9109495
700 1 _aSoldevila, Ferran.
_9107111
700 1 _aGuansé, Domènec.
_960300
852 _aES-MaACL
_jC-32438
_9R.62823
999 _c171614
_d171614